00350nam a2200133Ia 4500008004100000020001800041041000800059082001500067100001500082245006300097260003400160300000900194650001300203220803s9999 xx 000 0 und d a0-8247-0605-6 aeng a720.22 GAR aGarson D G aGuide To Writing Empirical Papers Theses And Dissertations aNew YorkbMarcel Dekkerc2002 a350p aResearch